Jak postupovat při dělení majetku zemědělských podniků.

Prehľad súčasného stavu vlastníctva v poľnohospodárskej prvovýrobe ČR. Predpokladaný postup pri transformácii poľnohospodárstva cestou reprivatizácie a privatizácie. Priebeh deetatizácie, t.j. predaja podielov a zastúpení v prospech fyzických vlastníkov.

Saved in:
Bibliographic Details
Main Author: Petráš, V.
Format: Book Chapter
Language:Czech
Subjects:
Tags: Add Tag
No Tags, Be the first to tag this record!

MARC

LEADER 00000naa a2200000 4500
001 r004239
005 20221125075821.7
041 0 |a cze 
044 |a [CS] 
245 1 0 |a Jak postupovat při dělení majetku zemědělských podniků.  |c V. Petráš 
520 |a Prehľad súčasného stavu vlastníctva v poľnohospodárskej prvovýrobe ČR. Predpokladaný postup pri transformácii poľnohospodárstva cestou reprivatizácie a privatizácie. Priebeh deetatizácie, t.j. predaja podielov a zastúpení v prospech fyzických vlastníkov. 
610 2 0 |a podnik poľnohospodársky 
610 2 0 |a výroba poľnohospodárska 
610 2 0 |a Čechy 
610 2 0 |a privatizácia 
610 2 0 |a reformy hospodárske 
610 2 0 |a vlastníctvo družstevné 
610 2 0 |a reprivatizácia 
610 2 0 |a deetatizácia 
100 1 |a Petráš, V.